[Event "Honefoss CC-ch"]
[Site "Honefoss"]
[Date "2013.04.30"]
[Round "8"]
[White "Marvin, Asle"]
[Black "Ostebo, Roger E"]
[Result "0-1"]
[WhiteElo "1414"]
[BlackElo "1760"]
[PlyCount "90"]
[EventDate "2013.01.08"]
[EventType "swiss"]
[EventRounds "9"]
[EventCountry "NOR"]
[SourceTitle "EXT 2024"]
[Source "ChessBase"]
[SourceDate "2023.10.10"]
[SourceVersion "1"]
[SourceVersionDate "2023.10.10"]
[SourceQuality "1"]

1. d4 d5 2. c4 c6 3. Nf3 e6 4. Nc3 dxc4 5. a4 Bb4 6. e3 b5 7. Bd2 a5 8. axb5 Bxc3 9. Bxc3 cxb5 10. b3 Bb7 11. bxc4 b4 12. Bb2 Nf6 13. Bd3 0-0 14. 0-0 Nbd7 15. Re1 Qc7 16. h3 Ne4 17. Qc2 Ndf6 18. Ne5 h6 19. c5 Bd5 20. Nc4 b3 21. Qxb3 Rfb8 22. Qc2 a4 23. Reb1 Bxc4 24. Bxc4 Rb4 25. Ba3 Rxc4 26. Qxc4 Nd2 27. Qc2 Nxb1 28. Rxb1 e5 29. Rb4 exd4 30. exd4 Re8 31. Qd1 Ne4 32. Bc1 Nc3 33. Qf1 Qa5 34. Ba3 Nd5 35. Rb1 Qc3 36. Bb2 Qd2 37. Qd1 Qg5 38. Qxa4 Re2 39. Qb3 Nf4 40. Qg3 Qf5 41. Bc1 Qxb1 42. Qxf4 Re1+ 43. Kh2 Rxc1 44. Qd6 Rh1+ 45. Kg3 Qd3+ 0-1